مكتبة جامعة عجلون الوطنية

فهرس بحث المكتبة

Normal view MARC view
  • العساف، خالد توفيق وآخرون، م.مشارك مصطفى سعيد الشيخ، م.مشارك محمود ابراهيم التايه

Entry Personal Name

Number of records used in: 1

001 - CONTROL NUMBER

  • control field: 62915

003 - CONTROL NUMBER IDENTIFIER

  • control field: JO-AjAnu

005 - DATE AND TIME OF LATEST TRANSACTION

  • control field: 20230606084255.0

008 - FIXED-LENGTH DATA ELEMENTS

  • fixed length control field: 230606|| aca||aabn | a|a d

040 ## - CATALOGING SOURCE

  • Original cataloging agency: JO-AjAnu
  • Transcribing agency: JO-AjAnu

100 ## - HEADING--PERSONAL NAME

  • Personal name: العساف، خالد توفيق وآخرون، م.مشارك مصطفى سعيد الشيخ، م.مشارك محمود ابراهيم التايه

670 ## - SOURCE DATA FOUND

  • Source citation: Work cat.: (JO-AjAnu)32080: العساف، خالد توفيق وآخرون، م.مشارك مصطفى سعيد الشيخ، م.مشارك محمود ابراهيم التايه, author, مقدمة في التسويق الاسلامي = INTRODUCTION TO ISLAMIC MARKETING